000 00517nam a2200193Ia 4500
005 20240618114909.0
008 131103s9999 xx 000 0 und d
040 _aLoreto College
041 _aEnglish
082 _a613
_bCHE
100 _aCheek, E.B.
245 _aGood health through good feeding
_b a malayan guide to health through a balanced diet
_cE.B. Cheek
260 _aLondon
_bMacmillan
_c1955
300 _a33p.
650 _aMedical science
651 _aHealth
850 _aLCBED
942 _cBK
999 _c30021
_d80500